Seminar on geometric measure theory /

Guardado en:
Autor Principal: Hardt, R. 1945-
Otros Autores: Simon, L. 1945-
Formato: Libro
Idioma:English
Publicado: Basel : Birkhäuser, 1986.
Series:DMV seminar ; Bd. 7
Etiquetas: Agregar Etiqueta
Sin Etiquetas, Sea el primero en etiquetar este registro!
LEADER 00749nam a22002175a 4500
001 MAT.inmabb004175
008 070214s1986####sz#a#####b####000#0#eng#d
005 20130221175336.0
245 1 0 |a Seminar on geometric measure theory /  |c R. Hardt, L. Simon. 
260 |a Basel :  |b Birkhäuser,  |c 1986. 
300 |a 117 p. :  |b il. ;  |c 24 cm. 
440 0 |a DMV seminar ;  |v Bd. 7 
500 |a "Notes based on ... lectures given ... at Schloss Mickeln, Düsseldorf, from June 11-15, 1984". 
504 |a Bibliografía: p. 116-117. 
510 4 |a MR,  |c 89c:49031 
020 |a 3764318155 
020 |a 0817618155 
100 1 |a Hardt, R.  |q (Robert),  |d 1945- 
700 1 |a Simon, L.  |q (Leon),  |d 1945- 
084 |a 49Q15 (28A75)  |2 msc2000 
859 |h 49  |i H266  |p A-7020  |b BIB. MATEMATICA